Striving to be"clearly open" and "crystal clear": monetary policy communication of the CNB

Uložené v:
Podrobná bibliografia
Hlavný autor: Šmídková, Kateřina
Ďalší autori: Bulíř, Aleš
Médium: Kapitola
Jazyk:English
Predmet:
Tagy: Pridať tag
Žiadne tagy, Buďte prvý, kto otaguje tento záznam!

MARC

LEADER 00000naa$a2200000$$$4500
001 0074839
005 20231010111903.9
041 0 |a eng 
044 |a CZ 
245 1 0 |a Striving to be"clearly open" and "crystal clear": monetary policy communication of the CNB  |c Kateřina Šmídková, Aleš Bulíř 
610 2 0 |a banky centrálne 
610 2 0 |a politika menová 
610 2 0 |a Česko 
610 2 0 |a inflácia 
100 1 |a Šmídková, Kateřina 
700 1 |a Bulíř, Aleš